Price Bubbles at Real Estate Market in Slovak Republic

Na minha lista:
Detalhes bibliográficos
Autor principal: Sieber, Jakub, 1992-
Formato: Capítulo de Livro
Idioma:inglês
Assuntos:
Tags: Adicionar Tag
Sem tags, seja o primeiro a adicionar uma tag!

MARC

LEADER 00000naa$a2200000$$$4500
001 0281357
005 20240722105326.5
041 0 |a eng 
044 |a SK 
245 1 0 |a Price Bubbles at Real Estate Market in Slovak Republic  |c Jakub Sieber 
500 |a abstrakt 
610 2 0 |a trh realitný 
610 2 0 |a nehnuteľnosti 
610 2 0 |a bubliny finančné 
610 2 0 |a bubliny cenové 
610 2 0 |a pandémia 
610 2 0 |a Slovensko 
100 1 |a Sieber, Jakub, 1992-